|
|
|
|
| LEADER |
01393nam a2200385 a 4500 |
| 001 |
EBC861226 |
| 003 |
MiAaPQ |
| 005 |
20200520144314.0 |
| 006 |
m o d | |
| 007 |
cr cn||||||||| |
| 008 |
120106s2011 enkad sb 001 0 eng d |
| 010 |
|
|
|z 2011499913
|
| 020 |
|
|
|z 1856178099
|
| 020 |
|
|
|z 9781856178099
|
| 020 |
|
|
|a 9780080964232 (electronic bk.)
|
| 035 |
|
|
|a (MiAaPQ)EBC861226
|
| 035 |
|
|
|a (Au-PeEL)EBL861226
|
| 035 |
|
|
|a (CaPaEBR)ebr10533748
|
| 035 |
|
|
|a (OCoLC)777375618
|
| 040 |
|
|
|a MiAaPQ
|c MiAaPQ
|d MiAaPQ
|
| 050 |
|
4 |
|a TS230
|b .C288 2011
|
| 082 |
0 |
4 |
|a 671.2
|2 22
|
| 100 |
1 |
|
|a Campbell, John,
|d 1938-
|
| 245 |
1 |
0 |
|a Complete casting handbook
|h [electronic resource] :
|b metal casting processes, metallurgy, techniques and design /
|c John Campbell.
|
| 250 |
|
|
|a 1st ed.
|
| 260 |
|
|
|a Oxford, U.K. :
|b Elsevier,
|c 2011.
|
| 300 |
|
|
|a 2 v. in 1 :
|b ill.
|
| 504 |
|
|
|a Includes bibliographical references and index.
|
| 505 |
0 |
|
|a v. 1. Casting metaallurgy -- v. 2. Casting manufacture.
|
| 533 |
|
|
|a Electronic reproduction. Ann Arbor, MI : ProQuest, 2016. Available via World Wide Web. Access may be limited to ProQuest affiliated libraries.
|
| 650 |
|
0 |
|a Founding.
|
| 650 |
|
0 |
|a Metal castings.
|
| 655 |
|
4 |
|a Electronic books.
|
| 710 |
2 |
|
|a ProQuest (Firm)
|
| 856 |
4 |
0 |
|u https://ebookcentral.proquest.com/lib/matrademy/detail.action?docID=861226
|z Click to View
|